000 00567cam a22002053a 4500
001 35254
003 PGUSA
005 20140828083747.0
008 110212s2011||||xxu|||||s|||||000 | eng d
040 _aPGUSA
_beng
042 _adc
100 1 _aWells, Carolyn,
_d1862-1942
245 1 0 _aIn the Onyx Lobby
_h[electronic resource] /
_cCarolyn Wells
260 _bProject Gutenberg,
_c2011
506 _aPublic domain in the USA.
516 _aElectronic text
830 0 _aProject Gutenberg
_v35254
856 4 0 _uhttp://www.gutenberg.org/ebooks/35254
942 _cEB
999 _c264509
_d264509